000 01068nabaa22002177a 4500
999 _c6289
_d6289
003 OSt
005 20260129003659.0
008 190701b xxu||||| |||| 00| 0 spa d
040 _cPJ
100 _96936
_aFerreri, Federico
245 1 3 _aEl rol del poder judicial frente a la judicialización de políticas públicas :
_bcrítica a la teoría de las cuestiones políticas no judicializables /
_cFederico Ferreri.
300 _ap. 121-134
500 _aCita: TR LALEY AR/DOC/442/2025
505 _aSumario: I. Introducción.— II. Grupos vulnerables, políticas públicas y poder judicial.— III. Cuestiones no judicializables y cambio de paradigma.— IV. Conclusión.— V. Bibliografía.
505 _t¿Te interesa el texto completo? Comunicate al correo: koha@justierradelfuego.gov.ar
650 0 _9211
_aDERECHO ADMINISTRATIVO
650 0 _93016
_aPOLÍTICAS PUBLICAS
650 0 _9217
_aPODER JUDICIAL
773 0 _02842
_93251
_dBuenos Aires : AbeledoPerrot, 2012-
_oDA121
_tDerecho administrativo. Nº 158 marzo/abril 2025
_z18510590
942 _2udc
_cANA